Strength of materials (Record no. 4143)

000 -LEADER
fixed length control field 00602nam a2200229 4500
001 - CONTROL NUMBER
control field 4143
003 - CONTROL NUMBER IDENTIFIER
control field BD-DhUET
008 - FIXED-LENGTH DATA ELEMENTS--GENERAL INFORMATION
fixed length control field 0
020 ## - INTERNATIONAL STANDARD BOOK NUMBER
International Standard Book Number 0070702977
040 ## - CATALOGING SOURCE
Transcribing agency 0
Modifying agency BD-DhUET
082 ## - DEWEY DECIMAL CLASSIFICATION NUMBER
Classification number 620.112
Item number WIL/1981
100 ## - MAIN ENTRY--PERSONAL NAME
Personal name Willems, Nicholas
245 ## - TITLE STATEMENT
Title Strength of materials
Statement of responsibility, etc. by Nicholas Willems, John T. Easley and Stanley T. Rolfe
250 ## - EDITION STATEMENT
Edition statement 1st ed.
260 ## - PUBLICATION, DISTRIBUTION, ETC. (IMPRINT)
Place of publication, distribution, etc. New York
Name of publisher, distributor, etc. McGraw-Hill
Date of publication, distribution, etc. 1981
300 ## - PHYSICAL DESCRIPTION
Extent xviii, 508 p.
Other physical details ill.
Dimensions 12 cm.
504 ## - BIBLIOGRAPHY, ETC. NOTE
Bibliography, etc Includes bibliographies
650 #0 - SUBJECT ADDED ENTRY--TOPICAL TERM
Topical term or geographic name as entry element Strength of materials
700 ## - ADDED ENTRY--PERSONAL NAME
Personal name Easley, John T.
700 ## - ADDED ENTRY--PERSONAL NAME
Personal name Rolfe, Stanley T.
942 ## - ADDED ENTRY ELEMENTS (KOHA)
Koha item type General Book
Holdings
Withdrawn status Damaged status Shelving location Source of classification or shelving scheme Koha item type Sublocation or collection (holding branch) Koha out on loan Koha full call number Date acquired Not for loan Copy number Lost status Koha issues (times borrowed) Koha date last borrowed Koha normalized classification for sorting Price effective from Piece designation (barcode) Location (home branch) Koha date last seen
  Circulation section General BookCentral Library, BUET 620.112/WIL/19812014-11-12 1 12018-11-06620_112000000000000_WIL_19812014-11-1279849Central Library, BUET2018-12-18
  Circulation section General BookCentral Library, BUET 620.112/WIL/19812014-11-12 2 12018-12-22620_112000000000000_WIL_19812014-11-1279850Central Library, BUET2019-04-24
  Circulation section General BookCentral Library, BUET 620.112/WIL/19812014-11-12 3   620_000000000000000_112WIL19812014-11-1279853Central Library, BUET2014-11-12
  Circulation section General BookCentral Library, BUET 620.112/WIL/19812014-11-12 4   620_000000000000000_112WIL19812014-11-1281408Central Library, BUET2014-11-12
  Circulation section General BookCentral Library, BUET 620.112/WIL/19812014-11-12 5 22021-11-29620_000000000000000_112WIL19812014-11-1279852Central Library, BUET2021-12-07
  Circulation section General BookCentral Library, BUET2025-12-22620.112/WIL/19812014-11-12 6 12025-12-08620_000000000000000_112WIL19812014-11-1279580Central Library, BUET2025-12-08
  Circulation section General BookCentral Library, BUET 620.112/WIL/19812014-11-12 7   620_000000000000000_112WIL19812014-11-1281410Central Library, BUET2014-11-12
  Circulation section General BookCentral Library, BUET 620.112/WIL/19812014-11-12 8 12023-07-08620_000000000000000_112WIL19812014-11-1279851Central Library, BUET2023-07-18
  Circulation section General BookCentral Library, BUET 620.112/WIL/19812014-11-12 9   620_112000000000000_WIL_19812014-11-1281409Central Library, BUET2014-11-12
  Circulation section General BookCentral Library, BUET 620.112/WIL/19812015-02-04 10   620_112000000000000_WIL_19812015-02-0479581 Central Library, BUET2015-02-04